Computational Models of Motivation for Game-Playing Agents

The focus of this book is on three influential cognitive motives: achievement, affiliation, and power motivation. Incentive-based theories of achievement, affiliation and power motivation are the basis for competence-seeking behaviour, relationship-building, leadership, and resource-controlling beha...

Full description

Bibliographic Details
Main Author: Merrick, Kathryn E. (Author)
Corporate Author: SpringerLink (Online service)
Format: Electronic eBook
Language:English
Published: Cham : Springer International Publishing : Imprint: Springer, 2016.
Subjects:
Online Access:Full Text via HEAL-Link
LEADER 03236nam a22004815i 4500
001 978-3-319-33459-2
003 DE-He213
005 20171007051927.0
007 cr nn 008mamaa
008 160922s2016 gw | s |||| 0|eng d
020 |a 9783319334592  |9 978-3-319-33459-2 
024 7 |a 10.1007/978-3-319-33459-2  |2 doi 
040 |d GrThAP 
050 4 |a Q334-342 
050 4 |a TJ210.2-211.495 
072 7 |a UYQ  |2 bicssc 
072 7 |a TJFM1  |2 bicssc 
072 7 |a COM004000  |2 bisacsh 
082 0 4 |a 006.3  |2 23 
100 1 |a Merrick, Kathryn E.  |e author. 
245 1 0 |a Computational Models of Motivation for Game-Playing Agents  |h [electronic resource] /  |c by Kathryn E. Merrick. 
264 1 |a Cham :  |b Springer International Publishing :  |b Imprint: Springer,  |c 2016. 
300 |a XVII, 213 p. 66 illus., 23 illus. in color.  |b online resource. 
336 |a text  |b txt  |2 rdacontent 
337 |a computer  |b c  |2 rdamedia 
338 |a online resource  |b cr  |2 rdacarrier 
347 |a text file  |b PDF  |2 rda 
505 0 |a From Player Types to Motivation -- Computational Models of Achievement, Affiliation, and Power Motivation -- Game Playing Agents and Non-player Characters -- Achievement Motivation -- Profiles of Achievement, Affiliation, and Power Motivation -- Enemies -- Pets and Partner Characters -- Support Characters -- Evolution of Motivated Agents -- Conclusion and Future Work. . 
520 |a The focus of this book is on three influential cognitive motives: achievement, affiliation, and power motivation. Incentive-based theories of achievement, affiliation and power motivation are the basis for competence-seeking behaviour, relationship-building, leadership, and resource-controlling behaviour in humans. In this book we show how these motives can be modelled and embedded in artificial agents to achieve behavioural diversity. Theoretical issues are addressed for representing and embedding computational models of motivation in rule-based agents, learning agents, crowds and evolution of motivated agents. Practical issues are addressed for defining games, mini-games or in-game scenarios for virtual worlds in which computer-controlled, motivated agents can participate alongside human players. The book is structured into four parts: game playing in virtual worlds by humans and agents; comparing human and artificial motives; game scenarios for motivated agents; and evolution and the future of motivated game-playing agents. It will provide game programmers, and those with an interest in artificial intelligence, with the knowledge required to develop diverse, believable game-playing agents for virtual worlds. 
650 0 |a Computer science. 
650 0 |a Data mining. 
650 0 |a Artificial intelligence. 
650 0 |a Computational intelligence. 
650 1 4 |a Computer Science. 
650 2 4 |a Artificial Intelligence (incl. Robotics). 
650 2 4 |a Computational Intelligence. 
650 2 4 |a Data Mining and Knowledge Discovery. 
710 2 |a SpringerLink (Online service) 
773 0 |t Springer eBooks 
776 0 8 |i Printed edition:  |z 9783319334578 
856 4 0 |u http://dx.doi.org/10.1007/978-3-319-33459-2  |z Full Text via HEAL-Link 
912 |a ZDB-2-SCS 
950 |a Computer Science (Springer-11645)